000 00580nam a22001817a 4500
005 20251108172044.0
008 250721s1987 xx 000 0 ara d
082 1 4 _a216.6/الص
100 1 _aعبد النور، محمود محجوب
_eإعداد
245 1 0 _aالصلح و أثره في إنهاء الخصومة في الفقه الإسلامي /
264 1 _aبيروت :
_bدار الجيل،
_c1987.
300 _a335ص
650 1 7 _aالإسلام
650 1 7 _aالفقه الإسلامية
650 1 7 _aالمعاملات
942 _2ddc
_cBK
999 _c69311
_d69311